LexisNexis the companies act, 2013 : (Record no. 81517)
[ view plain ]
| 000 -LEADER | |
|---|---|
| fixed length control field | 00613nam a22001817a 4500 |
| 005 - DATE AND TIME OF LATEST TRANSACTION | |
| control field | 20140307114527.0 |
| 010 ## - LCCN (DPL NO) | |
| LC control number | ENG-109019 |
| 020 ## - INTERNATIONAL STANDARD BOOK NUMBER | |
| International Standard Book Number | 9788180389887 |
| Terms of availability | 445.00 |
| 035 ## - SYSTEM CONTROL NUMBER | |
| System control number | EN-92552 |
| 037 ## - SOURCE OF ACQUISITION | |
| Source of stock number/acquisition | DBAD/PUB |
| 082 ## - DEWEY DECIMAL CLASSIFICATION NUMBER | |
| Classification number | 346.54066 |
| 245 ## - TITLE STATEMENT | |
| Title | LexisNexis the companies act, 2013 : |
| Remainder of title | act 18 of 2013 |
| 260 ## - PUBLICATION, DISTRIBUTION, ETC. (IMPRINT) | |
| Place of publication, distribution, etc | Gurgaon |
| Name of publisher, distributor, etc | Lexis Nexis |
| Date of publication, distribution, etc | 2013 |
| 270 ## - ADDRESS | |
| Address | 14th floor, Building No 10, Tower-B, DLF Cyber City, Phase-ll, |
| City | Gurgaon |
| Postal code | 122002 |
| 300 ## - PHYSICAL DESCRIPTION | |
| Extent | 830p. |
| Dimensions | 24cm(pbk) |
| 505 ## - FORMATTED CONTENTS NOTE | |
| Formatted contents note | Key highlights and quick reference tables prepared by Vinod Kothari |
| 942 ## - ADDED ENTRY ELEMENTS (KOHA) | |
| Source of classification or shelving scheme | Dewey Decimal Classification |
| Item type | English Books |
| Call number suffix | LEX |
| Classification part | 346.54066 |
| Withdrawn status | Lost status | Not for loan | Collection code | Home library | Current library | Date acquired | Source of acquisition | Cost, normal purchase price | Full call number | Barcode | Copy number | Cost, replacement price | Koha item type |
|---|---|---|---|---|---|---|---|---|---|---|---|---|---|
| Not For Loan | Non-fiction | D.B.Act.Division | D.B.Act.Division | 26/12/2013 | DBAD/PUB | 445.00 | 346.54066 LEX | EN-92552 | 1 | 445.00 | English Books |
